All 150+ 'R' Girl Names that have ever ranked in the top 1000 (US) - Statistics

General Stats
  • This quiz has been taken 60 times
  • The average score is 91 of 167
Answer Stats
Highest Rank Female Name % Correct
15 Rose
100%
52 Rosa
98%
313 Rae
96%
381 Ray
96%
751 Rosey
93%
114 Rosie
93%
601 Rossie
93%
801 Rosy
93%
387 Rhea
91%
872 Riya
91%
98 Rachael
89%
518 Racheal
89%
12 Rachel
89%
265 Rachelle
89%
25 Riley
89%
728 Rillie
89%
5 Ruth
89%
703 Ruthe
89%
98 Rylee
89%
159 Ryleigh
89%
320 Rylie
89%
37 Rhonda
85%
179 Ronda
85%
805 Rosaline
85%
413 Rosalyn
85%
595 Roselyn
85%
397 Roslyn
85%
684 Rebeca
78%
11 Rebecca
78%
143 Rebekah
78%
482 Rosalee
78%
139 Rosalie
78%
859 Reanna
76%
607 Rhianna
76%
850 Rianna
76%
415 Rihanna
76%
768 Rayne
74%
349 Reign
74%
476 Reta
74%
324 Retta
74%
891 Rheta
74%
42 Rita
74%
431 Rubi
74%
548 Rubie
74%
23 Ruby
74%
366 Rubye
74%
344 Ryan
74%
719 Ryann
74%
506 Renae
72%
306 Rene
72%
62 Renee
72%
904 Rennie
72%
536 Roni
70%
500 Ronnie
70%
562 Roxane
70%
429 Roxann
70%
165 Roxanne
70%
773 Raina
67%
235 Randi
67%
563 Randy
67%
706 Rayna
67%
553 Reina
67%
153 Rena
67%
562 Reyna
67%
353 Raya
65%
879 Raylee
65%
118 Remi
65%
496 Remy
65%
884 Reya
65%
428 Robbin
65%
25 Robin
65%
172 Robyn
65%
171 Rosemarie
65%
79 Rosemary
65%
178 Roxie
65%
559 Roxy
65%
320 Robert
63%
673 Roena
63%
779 Rona
63%
774 Ronna
63%
212 Rowan
63%
782 Rowyn
63%
149 Ramona
61%
66 Roberta
61%
506 Roma
61%
926 Romy
61%
151 Raven
59%
286 Rory
59%
881 Rosann
59%
321 Rosanne
59%
352 Roseann
59%
550 Roseanne
59%
759 Racquel
57%
215 Raquel
57%
80 Regina
57%
161 Rhoda
57%
149 River
57%
619 Roxana
57%
624 Roxanna
57%
314 Ruthie
57%
331 Robbie
54%
257 Rochelle
54%
292 Rosalind
54%
316 Raelyn
52%
99 Raelynn
52%
128 Reese
50%
575 Rella
50%
371 Rilla
50%
220 Rosetta
50%
784 Rosita
50%
259 Raegan
46%
97 Reagan
46%
232 Reba
46%
398 Regan
46%
891 Ricki
46%
755 Rikki
46%
487 Roseanna
43%
764 Rosalina
41%
866 Roy
41%
418 Rhiannon
39%
336 Renata
37%
576 Rosalia
37%
439 Rosanna
37%
697 Royal
37%
997 Ryder
37%
347 Remington
35%
367 Reva
33%
534 Richard
30%
929 Risa
30%
767 Rosena
30%
443 Rosina
30%
429 Rowena
30%
473 Rosalinda
26%
308 Rosella
26%
781 Rozella
26%
753 Rutha
26%
745 Rylan
26%
913 Rolanda
24%
475 Romina
22%
575 Rosamond
20%
388 Royalty
17%
470 Ruthann
17%
900 Ruthanne
17%
710 Rivka
15%
778 Rosario
15%
755 Raymond
13%
885 Ronald
13%
828 Renea
11%
799 Rinda
11%
541 Rosia
11%
997 Ralph
9%
723 Ruie
9%
874 Reatha
7%
431 Retha
7%
727 Rettie
7%
919 Rosabelle
7%
623 Reilly
4%
528 Rocio
4%
786 Ragna
2%
553 Renita
2%
657 Ressie
2%
605 Richelle
2%
536 Rashida
0%
990 Regenia
0%
709 Renada
0%
778 Romaine
0%
752 Romona
0%
No matching quizzes found
Score Distribution
Percent of People with Each Score
Percentile by Number Answered
Your Score History
You have not taken this quiz